Ave katolícky časopis s mariánskym zameraním

Bibliographic Details
Format: Journal
Language:Slovak
PhysicalDescription:22 zv. 21 cm
Published: Bratislava Združenie AVE 1997-2018
ISSN:1338-1482
Subjects:

MARC

LEADER 00000cas a2200000 a 4500
001 vtls008627095
003 SK-MaSNL
005 20260228164124.0
008 060301d19972018xo mr|p r 0 b0slo
022 |a 1338-1482 
035 |a (SVKBB03)vtls000036917 
040 |a SNK  |b slo  |c SNK  |d SVKBB  |d SNK  |e AACR2 
041 0 |a slo 
044 |a xo  |c SK 
072 7 |a 271/279  |x Kresťanské cirkvi, sekty, denominácie  |2 konspekt 
072 7 |a 27-4  |x Praktická teológia. Morálna teológia  |2 konspekt 
080 |a 27-4  |2 2011 
080 |a 27-722.7  |2 2011 
080 |a 2(051)  |2 2011 
080 |a 050  |2 2001 
210 0 |a Ave  |b (Bratisl.) 
222 0 |a Ave  |b (Bratislava) 
245 0 0 |a Ave  |b katolícky časopis s mariánskym zameraním 
260 |a Bratislava  |b Združenie AVE  |c 1997-2018 
300 |a 22 zv.  |c 21 cm 
310 |a 1x mesačne 
362 0 |a Roč. 1, č. 1 (1997)-roč. 22, č. 9-10 (2018) 
500 |a Zodp. red.: 1997-2001, Oľga Kasanická, Anna Brillová ; 2002-2018, Anna Brillová 
500 |a Od 5/1998 v tiráži podnázov: časopis s mariánskym zameraním 
500 |a Registračné č.: MK SR 1735/97 
515 |a Niektoré čísla vychádzajú ako dvojčíslo 
515 |a V č. 1, 2 (2017) je chybne uvedený roč. 20 - správne roč. 21 
610 2 7 |a Katolícka cirkev  |2 SNKKA  |9 206702 
650 0 7 |a kresťanský život  |2 SNKPH  |9 1808 
650 0 7 |a katolíci  |2 SNKPH  |9 4025 
655 7 |a náboženské časopisy  |2 SNKPH  |9 70790 
700 1 |a Oľga Kasanická  |4 lso  |9 275327 
700 1 |a Brillová, Anna  |4 lso  |9 275328 
910 |a snk 
916 |a 1997-2002, 2004-2013 
999 |c 12342  |d 14272 
952 |0 0  |1 0  |4 0  |7 0  |8 0  |a SNK  |b SNK  |d 2006-10-30  |f 1  |i snk2006/22120  |l 0  |o snkČSD 2330/1/1997  |p 17A0502759  |r 2026-02-21 20:05:22  |t č. 1-4  |w 2026-02-21  |y PREZ 
952 |0 0  |1 0  |4 0  |7 0  |8 0  |a SNK  |b SNK  |d 2006-10-30  |i snk2006/22121  |l 0  |o snkČSD 2330/1/1997 D1  |p 17A0502758  |r 2026-02-21 20:05:22  |t č. 1-4  |w 2026-02-21  |y PREZ 
952 |0 0  |1 0  |4 0  |7 0  |8 0  |a SNK  |b SNK  |d 2006-10-30  |f 1  |i snk2006/22122  |l 0  |o snkČSD 2330/2/1998  |p 17A0502757  |r 2026-02-21 20:05:22  |t č. 1-12  |w 2026-02-21  |y PREZ 
952 |0 0  |1 0  |4 0  |7 0  |8 0  |a SNK  |b SNK  |d 2006-10-30  |i snk2006/22123  |l 0  |o snkČSD 2330/2/1998 D1  |p 17A0502756  |r 2026-02-21 20:05:22  |t č. 1-12, neúplné  |w 2026-02-21  |y PREZ  |z Chýba č. 2 
952 |0 0  |1 0  |4 0  |7 0  |8 0  |a SNK  |b SNK  |d 2006-10-30  |f 1  |i snk2006/22124  |l 0  |o snkČSD 2330/3/1999  |p 17A0502755  |r 2026-02-21 20:05:22  |t č. 1-12  |w 2026-02-21  |y PREZ 
952 |0 0  |1 0  |4 0  |7 0  |8 0  |a SNK  |b SNK  |d 2006-10-30  |f 1  |i snk2006/22128  |l 0  |o snkČSD 2330/5/2001  |p 17A0502751  |r 2026-02-21 20:05:22  |t č. 1-12  |w 2026-02-21  |y PREZ 
952 |0 0  |1 0  |4 0  |7 0  |8 0  |a SNK  |b SNK  |d 2006-10-30  |i snk2006/22125  |l 0  |o snkČSD 2330/3/1999 D1  |p 17A0502754  |r 2026-02-21 20:05:22  |t č. 1-12  |w 2026-02-21  |y PREZ 
952 |0 0  |1 0  |4 0  |7 0  |8 0  |a SNK  |b SNK  |d 2006-10-30  |i snk2006/22127  |l 0  |o snkČSD 2330/4/2000 D1  |p 17A0502752  |r 2026-02-21 20:05:22  |t č. 1-12  |w 2026-02-21  |y PREZ 
952 |0 0  |1 0  |4 0  |7 0  |8 0  |a SNK  |b SNK  |d 2006-10-30  |i snk2006/22129  |l 0  |o snkČSD 2330/5/2001 D1  |p 17A0502750  |r 2026-02-21 20:05:22  |t č. 1-12  |w 2026-02-21  |y PREZ 
952 |0 0  |1 0  |4 0  |7 0  |8 0  |a SNK  |b SNK  |d 2006-10-30  |f 1  |i snk2006/22130  |l 0  |o snkČSD 2330/6/2002  |p 17A0502749  |r 2026-02-21 20:05:22  |t č. 1-12  |w 2026-02-21  |y PREZ 
952 |0 0  |1 0  |4 0  |7 0  |8 0  |a SNK  |b SNK  |d 2006-10-30  |i snk2006/22131  |l 0  |o snkČSD 2330/6/2002 D1  |p 17A0502748  |r 2026-02-21 20:05:22  |t č. 1-12  |w 2026-02-21  |y PREZ 
952 |0 0  |1 0  |4 0  |7 0  |8 0  |a SNK  |b SNK  |d 2006-10-30  |f 1  |i snk2006/22126  |l 0  |o snkČSD 2330/4/2000  |p 17A0502753  |r 2026-02-21 20:08:42  |t č. 1-12  |w 2026-02-21  |y PREZ 
952 |0 0  |1 1  |4 0  |7 0  |8 0  |a SNK  |b SNK  |d 2007-11-20  |i snk2007/25363  |l 0  |o snkČSD 2330/7/2003 D1  |p 17A0534758  |r 2026-02-21 20:21:08  |t č. 1-12  |w 2026-02-21  |y PREZ 
952 |0 0  |1 1  |4 0  |7 0  |8 0  |a SNK  |b SNK  |d 2007-11-20  |i snk2007/25362  |l 0  |o snkČSD 2330/7/2003  |p 17A0534757  |r 2026-02-21 20:21:51  |t č. 1-12  |w 2026-02-21  |y PREZ 
952 |0 0  |1 0  |4 0  |7 0  |8 0  |a SNK  |b SNK  |d 2014-08-22  |i snk2014/17547  |l 0  |o snkČSD 2330/8/2004 D1  |p 17A0869872  |r 2026-02-21 21:44:00  |t č. 1-12  |w 2026-02-21  |y PREZ 
952 |0 0  |1 0  |4 0  |7 0  |8 0  |a SNK  |b SNK  |d 2014-08-22  |f 1  |i snk2014/17548  |l 0  |o snkČSD 2330/9/2005  |p 17A0869873  |r 2026-02-21 21:44:00  |t č. 1-12  |w 2026-02-21  |y PREZ 
952 |0 0  |1 0  |4 0  |7 0  |8 0  |a SNK  |b SNK  |d 2014-08-22  |i snk2014/17549  |l 0  |o snkČSD 2330/9/2005 D1  |p 17A0869874  |r 2026-02-21 21:44:00  |t č. 1-12  |w 2026-02-21  |y PREZ 
952 |0 0  |1 0  |4 0  |7 0  |8 0  |a SNK  |b SNK  |d 2014-08-25  |f 1  |i snk2014/17550  |l 0  |o snkČSD 2330/10/2006  |p 17A0869875  |r 2026-02-21 21:44:07  |t č. 1-12  |w 2026-02-21  |y PREZ 
952 |0 0  |1 0  |4 0  |7 0  |8 0  |a SNK  |b SNK  |d 2014-08-25  |i snk2014/17551  |l 0  |o snkČSD 2330/10/2006 D1  |p 17A0869876  |r 2026-02-21 21:44:07  |t č. 1-12, neúplné  |w 2026-02-21  |y PREZ  |z chýba č. 3 
952 |0 0  |1 0  |4 0  |7 0  |8 0  |a SNK  |b SNK  |d 2014-08-25  |f 1  |i snk2014/17552  |l 0  |o snkČSD 2330/11/2007  |p 17A0869877  |r 2026-02-21 21:44:07  |t č. 1-12  |w 2026-02-21  |y PREZ 
952 |0 0  |1 0  |4 0  |7 0  |8 0  |a SNK  |b SNK  |d 2014-08-25  |f 1  |i snk2014/17554  |l 0  |o snkČSD 2330/12/2008  |p 17A0869879  |r 2026-02-21 21:44:14  |t č. 1-12  |w 2026-02-21  |y PREZ 
952 |0 0  |1 0  |4 0  |7 0  |8 0  |a SNK  |b SNK  |d 2014-08-25  |i snk2014/17553  |l 0  |o snkČSD 2330/11/2007 D1  |p 17A0869878  |r 2026-02-21 21:44:14  |t č. 1-12  |w 2026-02-21  |y PREZ 
952 |0 0  |1 0  |4 0  |7 0  |8 0  |a SNK  |b SNK  |d 2014-08-25  |i snk2014/17555  |l 0  |o snkČSD 2330/12/2008 D1  |p 17A0869880  |r 2026-02-21 21:44:14  |t č. 1-12  |w 2026-02-21  |y PREZ 
952 |0 0  |1 0  |4 0  |7 0  |8 0  |a SNK  |b SNK  |d 2014-08-25  |f 1  |i snk2014/17556  |l 0  |o snkČSD 2330/13/2009  |p 17A0869881  |r 2026-02-21 21:44:14  |t č. 1-12  |w 2026-02-21  |y PREZ 
952 |0 0  |1 0  |4 0  |7 0  |8 0  |a SNK  |b SNK  |d 2014-08-25  |i snk2014/17558  |l 0  |o snkČSD 2330/13/2009 D1  |p 17A0869882  |r 2026-02-21 21:44:14  |t č. 1-12, úplný  |w 2026-02-21  |y PREZ  |z č. 1-12 
952 |0 0  |1 0  |4 0  |7 0  |8 0  |a SNK  |b SNK  |d 2014-08-25  |f 1  |i snk2014/17562  |l 0  |o snkČSD 2330/14/2010  |p 17A0869883  |r 2026-02-21 21:44:14  |t č. 1-12  |w 2026-02-21  |y PREZ 
952 |0 0  |1 0  |4 0  |7 0  |8 0  |a SNK  |b SNK  |d 2014-08-25  |i snk2014/17563  |l 0  |o snkČSD 2330/14/2010 D1  |p 17A0869884  |r 2026-02-21 21:44:15  |t č. 1-12, neúplné  |w 2026-02-21  |y PREZ  |z chýba č. 6, 12 
952 |0 0  |1 0  |4 0  |7 0  |8 0  |a SNK  |b SNK  |d 2014-08-25  |f 1  |i snk2014/17564  |l 0  |o snkČSD 2330/15/2011  |p 17A0869885  |r 2026-02-21 21:44:15  |t č. 1-12  |w 2026-02-21  |y PREZ 
952 |0 0  |1 0  |4 0  |7 0  |8 0  |a SNK  |b SNK  |d 2014-08-25  |i snk2014/17565  |l 0  |o snkČSD 2330/15/2011 D1  |p 17A0869886  |r 2026-02-21 21:44:15  |t č. 1-12  |w 2026-02-21  |y PREZ 
952 |0 0  |1 0  |4 0  |7 0  |8 0  |a SNK  |b SNK  |d 2014-08-25  |f 1  |i snk2014/17569  |l 0  |o snkČSD 2330/17/2013  |p 17A0869889  |r 2026-02-21 21:44:16  |t č. 1-12  |w 2026-02-21  |y PREZ 
952 |0 0  |1 0  |4 0  |7 0  |8 0  |a SNK  |b SNK  |d 2014-08-25  |i snk2014/17570  |l 0  |o snkČSD 2330/17/2013 D1  |p 17A0869890  |r 2026-02-21 21:44:16  |t č. 1-12  |w 2026-02-21  |y PREZ 
952 |0 0  |1 0  |4 0  |7 0  |8 0  |a SNK  |b SNK  |d 2014-08-25  |f 1  |i snk2014/17567  |l 0  |o snkČSD 2330/16/2012  |p 17A0869887  |r 2026-02-21 21:44:19  |t č. 1-12  |w 2026-02-21  |y PREZ 
952 |0 0  |1 0  |4 0  |7 0  |8 0  |a SNK  |b SNK  |d 2014-08-25  |i snk2014/17568  |l 0  |o snkČSD 2330/16/2012 D1  |p 17A0869888  |r 2026-02-21 21:44:19  |t č. 1-12  |w 2026-02-21  |y PREZ 
952 |0 0  |1 0  |4 0  |7 0  |8 0  |a SNK  |b SNK  |d 2014-08-22  |f 1  |i snk2014/17542  |l 0  |o snkČSD 2330/8/2004  |p 17A0869871  |r 2026-02-21 21:44:25  |t č. 1-12  |w 2026-02-21  |y PREZ 
952 |0 0  |1 0  |4 0  |7 0  |8 0  |a SNK  |b SNK  |d 2019-04-04  |f 1  |i snk2019/9595  |l 0  |o snkČSD 2330/18/2014  |p 17A1366254  |r 2026-02-21 21:58:41  |t č. 1-12  |w 2026-02-21  |y PREZ 
952 |0 0  |1 0  |4 0  |7 0  |8 0  |a SNK  |b SNK  |d 2019-04-04  |i snk2019/9597  |l 0  |o snkČSD 2330/18/2014 D1  |p 17A1366253  |r 2026-02-21 21:58:41  |t č. 1-12  |w 2026-02-21  |y PREZ 
952 |0 0  |1 0  |4 0  |7 0  |8 0  |a SNK  |b SNK  |d 2019-04-04  |f 1  |i snk2019/9599  |l 0  |o snkČSD 2330/19/2015  |p 17A1366252  |r 2026-02-21 21:58:41  |t č. 1-12, neúplné  |w 2026-02-21  |y PREZ  |z Chýba č. 6 
952 |0 0  |1 0  |4 0  |7 0  |8 0  |a SNK  |b SNK  |d 2019-04-04  |i snk2019/9601  |l 0  |o snkČSD 2330/19/2015 D1  |p 17A1366251  |r 2026-02-21 21:58:41  |t č. 1-12, neúplné  |w 2026-02-21  |y PREZ  |z Chýba č. 6 
952 |0 0  |1 0  |4 0  |7 0  |8 0  |a SNK  |b SNK  |d 2019-04-04  |f 1  |i snk2019/9605  |l 0  |o snkČSD 2330/20/2016  |p 17A1366250  |r 2026-02-21 21:58:41  |t č. 1-12  |w 2026-02-21  |y PREZ 
952 |0 0  |1 0  |4 0  |7 0  |8 0  |a SNK  |b SNK  |d 2019-04-04  |i snk2019/9610  |l 0  |o snkČSD 2330/20/2016 D1  |p 17A1366249  |r 2026-02-21 21:58:41  |t č. 1-12  |w 2026-02-21  |y PREZ 
952 |0 0  |1 0  |4 0  |7 0  |8 0  |a SNK  |b SNK  |d 2019-04-04  |f 1  |i snk2019/9614  |l 0  |o snkČSD 2330/21/2017  |p 17A1366248  |r 2026-02-21 21:58:41  |t č. 1-12  |w 2026-02-21  |y PREZ  |z V č. 1,2 je chybne uvedený roč. 20 - správne roč. 21 
952 |0 0  |1 0  |4 0  |7 0  |8 0  |a SNK  |b SNK  |d 2019-04-04  |i snk2019/9618  |l 0  |o snkČSD 2330/21/2017 D1  |p 17A1366247  |r 2026-02-21 21:58:41  |t č. 1-12  |w 2026-02-21  |y PREZ  |z V č. 1,2 je chybne uvedený roč. 20 - správne roč. 21 
952 |0 0  |1 0  |4 0  |7 0  |8 0  |a SNK  |b SNK  |d 2019-04-04  |f 1  |i snk2019/9621  |l 0  |o snkČSD 2330/22/2018  |p 17A1366246  |r 2026-02-21 21:58:41  |t č. 1-10  |w 2026-02-21  |y PREZ 
952 |0 0  |1 0  |4 0  |7 0  |8 0  |a SNK  |b SNK  |d 2019-04-04  |i snk2019/9623  |l 0  |o snkČSD 2330/22/2018 D1  |p 17A1366245  |r 2026-02-21 21:58:41  |t č. 1-10  |w 2026-02-21  |y PREZ